000 00591nam a2200217 a 4500
001 BRCA_5708
005 20190320205204.0
008 030311s1909----gw-#######---#000-0#ger-#
041 _ager
044 _agw
050 4 _aHC285
_b.S66 1909
100 1 _aSombart, Werner
_914493
245 1 0 _aDie deutsche Volkswirtschaft im neunzchaten jahrhundert
_cWerner Sombart.
260 _aBerlín
_bGeorg Bondi
_c1909
300 _a661 p.
_c24 cm.
500 _aH29
650 1 4 _aEconomía
_zAlemania
_914494
651 4 _aAlemania
_xEconomía
_ySiglo XIX
_914495
902 _aGFM
942 _2lcc
_cB
999 _c5399
_d5399